000 01030nam a2200217Ia 4500
001 16921
003 GE_BSU
008 181216s||||||||xx |||||||||||||| ||und||
040 _cGE_BSU
080 _a821.353.1-82
100 _aდავითაშვილი, იოსებ
245 _aსრული კრებული
245 _cსოლომონ ყუბანეიშვილის რედაქციით, წინასიტყვაობით და შენიშვნებით.
260 _aთბილისი
260 _bსაბჭ. მწერალი-ს გამ-ბა
260 _c1951
300 _a416გვ.21სმ.
300 _e8 ფურც. პორტრ. და ილ. ; 21სმ. - დანართი: ვარიანტები და შენიშვნები, გვ. 275-412. - ბიბლიოგრ.: შესავალის შენიშვნებში
653 _aსრული კრებული
942 _cBK
999 _c49985
_d49985